Southern theory (Record no. 7722)
[ view plain ]
| 000 -LEADER | |
|---|---|
| fixed length control field | 00430nam a22001817a 4500 |
| 003 - CONTROL NUMBER IDENTIFIER | |
| control field | OSt |
| 005 - DATE AND TIME OF LATEST TRANSACTION | |
| control field | 20220221123405.0 |
| 008 - FIXED-LENGTH DATA ELEMENTS--GENERAL INFORMATION | |
| fixed length control field | 220221b ||||| |||| 00| 0 eng d |
| 020 ## - INTERNATIONAL STANDARD BOOK NUMBER | |
| International Standard Book Number | 9780745642499 |
| 040 ## - CATALOGING SOURCE | |
| Transcribing agency | DDC |
| 082 ## - DEWEY DECIMAL CLASSIFICATION NUMBER | |
| Classification number | 363.738 |
| 100 ## - MAIN ENTRY--PERSONAL NAME | |
| Personal name | Connel, Raewyn |
| 9 (RLIN) | 15763 |
| 245 ## - TITLE STATEMENT | |
| Title | Southern theory |
| 260 ## - PUBLICATION, DISTRIBUTION, ETC. (IMPRINT) | |
| Place of publication, distribution, etc. | USA |
| Name of publisher, distributor, etc. | : Cambridge |
| Date of publication, distribution, etc. | ,2007 |
| 300 ## - PHYSICAL DESCRIPTION | |
| Extent | xvi,271p. |
| Dimensions | ; 23 cm |
| 504 ## - BIBLIOGRAPHY, ETC. NOTE | |
| Bibliography, etc | References<br/>index |
| 942 ## - ADDED ENTRY ELEMENTS (KOHA) | |
| Source of classification or shelving scheme | Dewey Decimal Classification |
| Koha item type | Book |
| Withdrawn status | Lost status | Source of classification or shelving scheme | Damaged status | Not for loan | Home library | Current library | Date acquired | Source of acquisition | Inventory number | Total Checkouts | Full call number | Barcode | Date last seen | Price effective from | Koha item type |
|---|---|---|---|---|---|---|---|---|---|---|---|---|---|---|---|
| Dewey Decimal Classification | Faculty of Interdisciplinary Studies Library | Faculty of Interdisciplinary Studies Library | 21/02/2022 | Purchase | 11/4405 | 363.738 CON 2007 | 2022-0267 | 21/02/2022 | 21/02/2022 | Book | |||||
| Dewey Decimal Classification | Faculty of Interdisciplinary Studies Library | Faculty of Interdisciplinary Studies Library | 21/02/2022 | Purchase | 11/4408 | 363.738 CON 2007 | 2022-0268 | 21/02/2022 | 21/02/2022 | Book |
